Detalles MARC
| 000 -CABECERA |
| Longitud fija campo de control |
01968nam a2200337 i 4500 |
| 003 - • IDENTIFICADOR DELl NÚMERO DE CONTROL |
| Identificador del número de control |
CO-BoRNBP |
| 005 - • FECHA Y HORA DE LA ÚLTIMA TRANSACCIÓN |
| Fecha y hora de la última transacción |
20220316235749.0 |
| 007 - • CAMPO FIJO DE DESCRIPCIÓN FÍSICA |
| Campo fijo de descripción física |
ta |
| 008 - • CÓDIGOS DE INFORMACIÓN DE LONGITUD FIJA |
| Códigos de información de longitud fija |
200326s2001 ck gr 000 0 spa d |
| 020 ## - • NÚMERO INTERNACIONAL NORMALIZADO PARA LIBROS |
| Número Internacional Normalizado para Libros (ISBN) |
9588159113 |
| 040 ## - FUENTE DE LA CATALOGACIÓN |
| Centro catalogador de origen |
CO-BoRNBP |
| Lengua de catalogación |
spa |
| Normas de descripción |
rda |
| Centro transcriptor |
CO-BoRNBP |
| 041 0# - • CÓDIGO DE LENGUA |
| Código de lengua del texto/banda sonora o título independiente |
spa |
| 082 04 - • NÚMERO DE LA CLASIFICACIÓN DECIMAL DEWEY |
| Número de clasificación (R) |
781.620098 |
| Número del ítem |
M87 |
| Número de edición |
23 |
| 245 00 - • TITULO PROPIAMENTE DICHO |
| Título |
Músicas en transición |
| Mención de responsabilidad, etc. |
Coordinadoras Ana María Ochoa y Alejandra Cragnolini ; Pablo Vila [y otros] |
| 264 #1 - PRODUCCIÓN, PUBLICACIÓN , DISTRIBUCIÓN, FABRICACIÓN Y COPYRIGHT |
| Lugar de producción, publicación, distribución, fabricación |
Bogotá, Colombia |
| Nombre del productor, editor, distribuidor, fabricante |
Ministerio de Cultura |
| Fecha de de producción, publicación, distribución, fabricación o copyright |
2001 |
| 300 ## - • DESCRIPCIÓN FÍSICA |
| Extensión |
118 páginas |
| Dimensiones |
22 cm |
| 336 ## - TIPO DE CONTENIDO |
| Término de tipo de contenido |
texto |
| Código de tipo de contenido |
txt |
| Fuente |
rdacontent |
| 337 ## - TIPO DE MEDIO |
| Nombre del tipo de medio |
sin mediación |
| Código del tipo de medio |
n |
| Fuente |
rdamedia |
| 338 ## - TIPO DE SOPORTE |
| Nombre del tipo de soporte |
volumen |
| Código del tipo de soporte |
nc |
| Fuente |
rdacarrier |
| 490 0# - • MENCIÓN DE SERIE |
| Mención de serie |
Cuadernos de nación |
| 505 2# - • NOTA DE CONTENIDO CON FORMATO |
| Título (R ) |
Música e identidad, la capacidad interpeladora y narrativa de los sonidos, las letras y las actuaciones musicales |
| Mención de responsabilidad (R ) |
Cragnolini, Alejandra |
| Título (R ) |
El sentido de los estudios de músicas populares en Colombia |
| Mención de responsabilidad (R ) |
Ana María Ochoa Gautier |
| Título (R ) |
Cueca chilena moderna |
| Mención de responsabilidad (R ) |
Pablo Vila |
| 650 17 - • PUNTO DE ACCESO ADICIONAL DE MATERIA - TÉRMINO DE MATERIA |
| Término de materia o nombre geográfico como elemento inicial |
Música folclórica colombiana |
| Subdivisión de materia general |
Historia y crítica |
| Fuente del encabezamiento o término |
ARMARC |
| 650 17 - • PUNTO DE ACCESO ADICIONAL DE MATERIA - TÉRMINO DE MATERIA |
| Término de materia o nombre geográfico como elemento inicial |
Música folclórica latinoamericana |
| Subdivisión de materia general |
Historia y crítica |
| Fuente del encabezamiento o término |
ARMARC |
| 650 17 - • PUNTO DE ACCESO ADICIONAL DE MATERIA - TÉRMINO DE MATERIA |
| Término de materia o nombre geográfico como elemento inicial |
Música popular |
| Subdivisión de materia general |
Historia y crítica |
| Fuente del encabezamiento o término |
ARMARC |
| 650 17 - • PUNTO DE ACCESO ADICIONAL DE MATERIA - TÉRMINO DE MATERIA |
| Término de materia o nombre geográfico como elemento inicial |
Política cultural |
| Subdivisión de materia general |
Ensayos, conferencias, etc. |
| Fuente del encabezamiento o término |
ARMARC |
| 700 1# - • PUNTO DE ACCESO ADICIONAL - NOMBRE DE PERSONA |
| Nombre de persona |
Ochoa, Ana María |
| Término indicativo de función |
Coordinadora |
| 700 1# - • PUNTO DE ACCESO ADICIONAL - NOMBRE DE PERSONA |
| Nombre de persona |
Cragnolini, Alejandra |
| Término indicativo de función |
Coordinadora |
| 700 1# - • PUNTO DE ACCESO ADICIONAL - NOMBRE DE PERSONA |
| Nombre de persona |
Vila, Pablo |
| Término indicativo de función |
Coordinador |
| 740 ## - • PUNTO DE ACCESO ADICIONAL - TÍTULO RELACIONADO O ANALÍTICO NO CONTROLADO |
| Título relacionado o analítico no controlado |
Música e identidad, la capacidad interpeladora y narrativa de los sonidos, las letras y las actuaciones musicales \ El sentido de los estudios de músicas populares en Colombia \ Cueca chilena moderna: mediaciones e identidades \ La nacionalización del pasillo ecuatoriano a principios del siglo XX \ Abozao: de la subienda mestiza y mulata \ Construyendo un nosotros a través del relato en torno a la música \ Hay una discusión en el barrio: el fenómeno de las viejotecas en Cali \ Desde Sinaloa para el mundo |
| 942 ## - ENTRADA DE ELEMENTOS AGREGADOS (KOHA) |
| Fuente de clasificaión o esquema |
|
| Koha [por defecto] tipo de item |
LIbro |